| 000 | 00874nas a2200265 4500 | ||
|---|---|---|---|
| 001 | BR2017002015 | ||
| 003 | BR-BrBNA | ||
| 005 | 20231205131030.0 | ||
| 007 | ta | ||
| 008 | 230509b bl.|||p| |||| 00| 00por d | ||
| 040 |
_aBR-BrBNA _bpor _cBiblioteca Nacional de Agricultura |
||
| 041 | _a(En) | ||
| 072 | _aK10; P01 | ||
| 100 | 1 | _aQuaresma, A.C. | |
| 100 | 1 | _aJardim, M.A.G. | |
| 245 | 1 | _aFormations of coastal forests in the Amazon and ecological relations with vascular epiphytes | |
| 650 | _aPESQUISA FLORESTAL | ||
| 650 | _aCOMPOSIÇÃO BOTÂNICA | ||
| 650 | _aPROTEÇÃO AMBIENTAL | ||
| 650 | _aRESTINGA | ||
| 773 | 0 |
_tRevista Árvore (Brazil) _xISSN 1806-9088 _g(2017), v. 41(2) p. 1-8 _wBR2017002015 |
|
| 856 | 4 | 0 | _uhttp://www.scielo.br/pdf/rarv/v41n2/0100-6762-rarv-41-02-e410202.pdf |
| 909 |
_a202311 _bLúcia _c55 _dLúcia Elande |
||
| 942 |
_2AGRIS _n0 _cANA |
||
| 999 |
_c252674 _d252674 |
||